How to have courage, calmness, and confidence / (Record no. 144024)

MARC details
000 -LEADER
fixed length control field 00655nam a22002057a 4500
005 - DATE AND TIME OF LATEST TRANSACTION
control field 20171013141733.0
010 ## - LCCN (DPL NO)
LC control number ENG-120219
020 ## - INTERNATIONAL STANDARD BOOK NUMBER
International Standard Book Number 9788189430450
Terms of availability 150.00
035 ## - SYSTEM CONTROL NUMBER
System control number EN-103751
037 ## - SOURCE OF ACQUISITION
Source of stock number/acquisition DBAD/PUB
082 ## - DEWEY DECIMAL CLASSIFICATION NUMBER
Classification number 230.35
100 ## - MAIN ENTRY--PERSONAL NAME
Personal name Paramhansa Yogananda
245 ## - TITLE STATEMENT
Title How to have courage, calmness, and confidence /
Statement of responsibility, etc by Paramhansa Yogananda
260 ## - PUBLICATION, DISTRIBUTION, ETC. (IMPRINT)
Place of publication, distribution, etc Gurgaon
Name of publisher, distributor, etc Ananda Sangha Publications
Date of publication, distribution, etc 2011
270 ## - ADDRESS
Address B-10/8 DLF City Phase I
City Gurgaon (Haryana)
Postal code 122002
300 ## - PHYSICAL DESCRIPTION
Extent 163p. :
Dimensions 18cm.(pbk)
Other physical details ill.
490 ## - SERIES STATEMENT
Series statement The Wisdom of Yognanda Volume-5
500 ## - GENERAL NOTE
General note Includes index
942 ## - ADDED ENTRY ELEMENTS (KOHA)
Source of classification or shelving scheme Dewey Decimal Classification
Item type English Books
Classification part 230.35
Call number suffix PAR
Holdings
Withdrawn status Lost status Not for loan Collection code Home library Current library Date acquired Source of acquisition Cost, normal purchase price Full call number Barcode Copy number Cost, replacement price Koha item type
    Not For Loan Non-fiction D.B.Act.Division Bawana 04/09/2017 DBAD/PUB 150.00 230.35 PAR EN-103751 1 150.00 English Books

© Delhi Public Library
Hit Counter
free hit counter